| 000 | 01038nam a2200277Ia 4500 | ||
|---|---|---|---|
| 003 | OSt | ||
| 005 | 20220923211214.0 | ||
| 006 | a|||||r|||| 00| 0 | ||
| 007 | ta | ||
| 008 | 220922b |||||||| |||| 00| 0 hin d | ||
| 020 |
_a9788126316298 (hbk) _c250 |
||
| 024 | _a260,201 | ||
| 037 |
_b0/00922-D5, 08/03/2011, Bharatiya Gyanpith _cTextual |
||
| 040 |
_aARTS _cARTS _bhin |
||
| 041 |
_2hin _ahin |
||
| 082 | _aO152,1N071x, P9 | ||
| 100 |
_aअजितकुमार _9159613 |
||
| 245 | 0 |
_aकविवर बच्चन के साथ _b अंकन |
|
| 246 | _aKavivar bachchan ke sātha: aankana | ||
| 260 |
_aनयी दिल्ली _b भारतीय ज्ञानपीठ _c2009 |
||
| 300 |
_a284पृ. _ccm. |
||
| 490 | _aलोकोदय ग्रन्थमाला; 968 | ||
| 650 |
_aहिन्दी साहित्य _9156264 |
||
| 942 |
_hO152,1N071x, P9 _cTEXL _2CC |
||
| 999 |
_c296814 _d296814 |
||